| 000 | 01389nam0a22003011 4500 | ||
|---|---|---|---|
| 001 | rc\3981398 | ||
| 005 | 20210802161025.0 | ||
| 021 |
_aRU _b[55-45619] |
||
| 035 | _a(NLR Aleph) 008061577 | ||
| 090 |
_a9006145 _c9006145 |
||
| 100 | _a20130415d1955 |||y0rusy50 ca | ||
| 101 | 0 | _arus | |
| 102 | _aRU | ||
| 105 | _aa c ||||| | ||
| 200 | 1 |
_aОрганизация и производство наблюдений за режимом подземных вод _e(Инструктивные указания) _fПод общ. ред. М.Е. Альтовского _gВсесоюз. науч.-исслед. ин-т гидрогеологии и инженерной геологии ВСЕГИНГЕО М-ва геологии и охраны недр |
|
| 210 |
_aМосква _cГосгеолтехиздат _d1955 |
||
| 215 |
_a199 с., 1 л. табл. _cил. _d22 |
||
| 300 | _aНа обл. авт. не указан | ||
| 320 | _aБиблиогр.: с. 150-166 (427 назв.) | ||
| 606 |
_aВоды подземные _xРежим _2psbo |
||
| 700 | 1 |
_aПопов _bВ. Н. _cд-р геол.-минерал. наук _f1901-1967 _gВасилий Николаевич _3RU\NLR\AUTH\770229015 |
|
| 702 | 1 |
_aАльтовский _bМ. Е. _4340 |
|
| 801 | 0 |
_aRU _bNLR _gpsbo |
|
| 801 | 1 |
_aRU _bELAR _2rusmarc |
|
| 852 |
_aNLR _jГн02 Г-5/383 |
||
| 942 | _cBOOK | ||
| 980 | _aNB | ||